| 000 | 00695nam a2200205 a 4500 | ||
|---|---|---|---|
| 001 | 000368891 | ||
| 003 | AM-YeHGA | ||
| 005 | 20250617131839.0 | ||
| 008 | 041012s1903 ru r 000 0 arm d | ||
| 040 | _aAM-YeHGA | ||
| 041 | 1 |
_aarm _hrus |
|
| 100 | 1 | _aՍենտ-Իլեր, Ք. | |
| 245 | 1 | 0 |
_aԲու : _bԹարգմանություն ռուսերենից / _cՔ. Սենտ-Իլեր. |
| 260 |
_aՍ.-Պետերբուրգ : _bտպ. Պուշկինեան, _c1903. |
||
| 300 |
_a23 էջ : _bնկ. ; _c24 սմ. |
||
| 440 | 0 | _aՆուէր մանուկներին | |
| 650 | 1 | 4 |
_aՀամաշխարհային մանկական գրականություն _xՀեքիաթ |
| 942 |
_2udc _cBK |
||
| 090 | _c142409 | ||
| 999 |
_c141029 _d141029 |
||